Quizzes
Events
Quiz Creation
Community
Videos
Private Events
Remove Ads
Sign In
Join for FREE
Feedback
Dark Mode
Quiz Categories
Sports
Geography
Music
Movies
Television
Just For Fun
Miscellaneous
History
Literature
Language
Science
Gaming
Entertainment
Religion
Holiday
For Kids
Quiz Lab
Recent
Popular Today
Quiz Kudos Today
Editor Picks
Curator Picks
Quizzes by...
Day
Popularity
Type
Ratings
Length
Year
Community
Subscriptions
Recent Discussions
Orange Saloon
Badges
Playlists
Quests
Create
Leaderboards
Showdown
Live 5
Trivia Bingo
Activity
Puzzle Library
Sporcle Events
Private Events
Virtual Trivia
Globe League
Become a Host
Pub Owners
SporcleCon
Opinionation
Our Games
Videos
Blog
Mobile Apps
Partnerships
Remove Ads and Go Orange
Feedback
Television
TV Characters
TV Show
Sitcom
Network
Friends
Reality Shows
Cast
South Park
Star Trek
The Simpsons
Doctor Who
Television
TV Characters
TV Show
Sitcom
Network
Friends
Reality Shows
Cast
South Park
Star Trek
The Simpsons
Doctor Who
Random Quiz
Search Sporcle
×
Curator Pick
Curator Pick
Television
Sitcom
Click on regions of an image
Click on regions of an image
Picture Click
Best Score? Go Orange.
Friends Episodes by Image IV Stats
Can you click the correct picture to complete the Friends episode? (Season 4)
By
Barbecue
5m
16 Questions
2,051 Plays
2,051 Plays
2,051 Plays
Comments
Comments
Give Quiz Kudos
Give Quiz Kudos
-
- Ratings
hide this ad
More Info
Forced Order
Answers have to be entered in order
Answers have to be entered in order
Replay
Link that replays current quiz
Next Quiz
Link to next quiz in quiz playlist
You Got
0%
They Got
Avg Score
66%
Avg Friend Score
Upgrade to see
Score Distribution
Jump to the score distribution portion of the page
Score
0/16
Timer
05:00
1
Play Today
% Correct
Box
89.8%
Poughkeepsie
89.7%
Uterus
80%
Girlfriend
76.8%
Ballroom
72.6%
Wedding
70.9%
Dirty
63.9%
Party
63.9%
% Correct
Porn
63.4%
Dress
63%
Rugby
61%
Jellyfish
59%
Best Man
58.3%
Crosses the Line
58.1%
Crush
57.2%
Day
43.1%
Quiz Playlist
Details
Report
Send in Message
Add To Playlist
More Info:
There should be no guessing required, but you might want to go for the more specific episodes first.
Picture Click:
Click on regions of an image
Forced Order:
Answers have to be entered in order
Last Updated: Feb 16, 2020
Curator Pick in
Friends
Quiz Scoreboard
CHALLENGE
Sign Up to Join the Scoreboard
Show All
Scores
Hide
Comments
May contain spoilers
Recently Published
9x9 Crossword: Cartoon Network
by jackfrog10
Miscellaneous
3m
College Basketball Coaching Resumes
by pancakes188
Sports
9m
Billboard Blitz: Fleetwood Mac
by CooCooCachoo
Music
15s
More to Explore
Quiz From the Vault
Featured Blog Post
Where Did the Easter Bunny Come From?
hide this ad
You Might Also Like...
Tags
Clickable Quiz
Friends Quiz
Sitcom Quiz
TV Show Quiz
Today's Top Quizzes in Television
Browse Television
hide this ad
Today's Top Quizzes in Sitcom
Browse Sitcom
Top Contributed Quizzes in Television
1
5-to-1: The Simpsons Families
2
5-to-1: Television Doctors
3
7-to-1: TV Show Settings
4
Adjectives in 00s TV Shows
5
Adjectives in 80s TV Shows
6
5-to-1: Streaming Originals
7
Adjectives in 10s TV Shows
8
Survivor Seasons
9
One Piece Logic Puzzle
10
All US Survivor Seasons in Order
Explore More
Trending Topics
NBA
Marvel
Crossword
Disney
Anime
Harry Potter
Kpop
Song
NFL
The Office
Puzzle
Country
Pokémon
Soccer
WWE
hide this ad
More By:
Barbecue
Quiz
Plays
Rating
Category
Featured
Created
Blind Ultimate Minefield: Europe
1,022,993
3.16
Geography
Aug 30, 2020
Blind Ultimate Minefield: USA
730,478
3.24
Geography
Sep 9, 2020
Blind Ultimate Minefield: World
422,295
3.48
Geography
Dec 24, 2020
Blind Ultimate Minefield: Africa
361,605
4.01
Geography
Sep 1, 2020
Blind Ultimate Minefield: Asia
298,765
3.26
Geography
Sep 2, 2020
Go to Creator's Profile
Score Distribution
Quiz Creator Spotlight
Barbecue
Follow
Send a Message
Quizzes Created
-
Created Quiz Play Count
-
More By This Creator
Popular Quizzes Today
1
Find the US States - No Outlines Minefield
2
Find the Countries of Europe - No Outlines Minefield
3
The Countries of the World
4
Find the US States
5
Risky Map Clicking: Biggest States A-Z
6
US States
7
Popular People in 1961
8
Movies - When Are They Set?
More Television Quizzes
Almost a TV Sorting Gallery
Published
Trending Quizzes
Risky Map Clicking: Least Populous States A-Z
1-10 Letter G Words
Risky Map Clicking: Next State Alphabetically
Adjectives in 80s TV Shows
Risky Map Clicking: Biggest States A-Z
Recently Updated
Leaping Animals
pecheneg
Reality TV Shows (A-Z)
bhenderson79
Rickey Henderson's Hall of Fame Teammates
pecheneg
Champions League XIs: Arsenal
pecheneg
Quick Pick: Celebrities in WWE's Hall of Fame
aduchscher
A-Z Keypad Blitz II
pecheneg
Multiple Oscar Actors
pecheneg
Mystery Phrase Blitz: Oscar 'Best Actors'
pecheneg
F. Scott Fitzgerald Novels
LTH
Pick 3 Villains
ddd62291
Trending Topics
Marvel
Kpop
Harry Potter
Anime
Crossword
NBA
Disney
Song
Country
The Office
Puzzle
Soccer
Pokémon
NFL
WWE
Your Account Isn't Verified!
In order to create a playlist on Sporcle, you need to verify the email address you used during registration. Go to your
Sporcle Settings
to finish the process.
Report this User
Report this user for behavior that violates our
Community Guidelines
.
Details:
Send Report
Go to the Sporcle.com Mobile Site →
Comments